Inclinations and reality : (Record no. 93967)

MARC details
000 -LEADER
fixed length control field 00562nam a22001817a 4500
005 - DATE AND TIME OF LATEST TRANSACTION
control field 20150715111735.0
010 ## - LCCN (DPL NO)
LC control number ENG-113252
020 ## - INTERNATIONAL STANDARD BOOK NUMBER
Terms of availability 250.00
International Standard Book Number 9788189766589
035 ## - SYSTEM CONTROL NUMBER
System control number EN-96784
037 ## - SOURCE OF ACQUISITION
Source of stock number/acquisition DBAD/PUB
082 ## - DEWEY DECIMAL CLASSIFICATION NUMBER
Classification number 621.30920954
100 ## - MAIN ENTRY--PERSONAL NAME
Personal name Kaul, Maharaj
245 ## - TITLE STATEMENT
Title Inclinations and reality :
Statement of responsibility, etc by Maharaj Kaul
Remainder of title the search for the absolute /
260 ## - PUBLICATION, DISTRIBUTION, ETC. (IMPRINT)
Place of publication, distribution, etc New Delhi
Name of publisher, distributor, etc Vitasta Publishing
Date of publication, distribution, etc 2010
270 ## - ADDRESS
Address 2/15, Ansari Road, Daryaganj
City New Delhi
Postal code 110002
300 ## - PHYSICAL DESCRIPTION
Extent 257p.
Dimensions 21cm(pbk)
942 ## - ADDED ENTRY ELEMENTS (KOHA)
Source of classification or shelving scheme Dewey Decimal Classification
Item type English Books
Call number suffix KAU
Classification part 621.30920954
Holdings
Withdrawn status Lost status Not for loan Collection code Home library Current library Date acquired Source of acquisition Cost, normal purchase price Full call number Barcode Copy number Cost, replacement price Koha item type
    Not For Loan Non-fiction D.B.Act.Division D.B.Act.Division 27/05/2015 DBAD/PUB 250.00 621.30920954 KAU EN-96784 1 250.00 English Books

© Delhi Public Library
Hit Counter
free hit counter